| 000 | 00540cam a22002171 4500 | ||
|---|---|---|---|
| 001 | sa 65005531 | ||
| 003 | DLC | ||
| 005 | 20260227112138.0 | ||
| 008 | 890720s1964 ii 000 0 gujo | ||
| 010 | _asa 65005531 | ||
| 035 | _a(OCoLC)20042450 | ||
| 040 |
_aDLC _cWaU _dDLC |
||
| 042 | _apremarc | ||
| 050 | 0 | 0 |
_aPK2903 _b.P3 |
| 100 | 1 |
_aPāṭhaka, Rāmanārāyaṇa Viśvanātha, _d1887-1955. |
|
| 245 | 1 | 0 | _aĀkalana. |
| 260 | _c[1964] | ||
| 300 |
_a64, 208 p. _c19 cm. |
||
| 500 | _aIn Gujarati. | ||
| 650 | 0 | _aIndic literature. | |
| 999 |
_c64384 _d64384 |
||